Brand to Company - #1 - Statistics

General Stats
  • This quiz has been taken 11 times
  • The average score is 5 of 18
Answer Stats
Brand Company % Correct
Converse Nike
56%
Lamborghini Volkswagen
56%
Twitch Amazon
44%
Skype Microsoft
44%
Poland Spring Nestlé
44%
Dove Unilever
44%
Acura Honda
33%
Goldfish Pepperidge Farm
33%
Doritos PepsiCo
33%
Oreo Mondelēz International
22%
Rolls-Royce BMW
11%
Hulu Disney
11%
Häagen-Dazs General Mills
11%
Venmo PayPal
11%
Head and Shoulders Procter & Gamble
11%
Guinness Diageo
0%
Pringles Kellogg
0%
Sephora LVMH
0%
No matching quizzes found
Score Distribution
Percent of People with Each Score
Percentile by Number Answered
Your Score History
You have not taken this quiz